[Event "Hamburger Liga Aufstieg"]
[Site "Hamburg"]
[Date "2007.09.02"]
[Round "7.15"]
[White "Lochmann, Viktor"]
[Black "Untch, Willi"]
[Result "1-0"]
[WhiteElo "1924"]
[BlackElo "1658"]
[PlyCount "109"]
[EventDate "2007.08.13"]
[EventType "swiss"]
[EventRounds "7"]
[EventCountry "GER"]
[SourceTitle "EXT 2022"]
[Source "ChessBase"]
[SourceDate "2021.10.06"]
[SourceVersion "1"]
[SourceVersionDate "2021.10.06"]
[SourceQuality "1"]

1. e4 c5 2. Nc3 d6 3. f4 Nc6 4. g3 g6 5. Bg2 Bg7 6. d3 e5 7. h3 Be6 8. Nf3 Nd4 9. 0-0 Ne7 10. Bd2 Nec6 11. Ng5 0-0 12. Nd5 h6 13. Nxe6 fxe6 14. c3 Nb5 15. Ne3 Nc7 16. Qg4 Ne7 17. Qe2 Kh7 18. Ng4 exf4 19. gxf4 h5 20. Nh2 Ng8 21. f5 Qf6 22. Nf3 Bh6 23. fxg6+ Qxg6 24. Nh4 Qe8 25. Rxf8 Bxf8 26. e5 d5 27. Bf3 Qe7 28. Ng2 Bh6 29. Bxh5 Rf8 30. Bg4 Bxd2 31. Qxd2 Nh6 32. Rf1 Rxf1+ 33. Kxf1 b5 34. Kf2 a6 35. Qf4 Qf7 36. Qxf7+ Nxf7 37. Nf4 Nxe5 38. d4 Nxg4+ 39. hxg4 c4 40. g5 a5 41. Kf3 b4 42. Kg4 Kg7 43. Ne2 Kg6 44. Kf4 Kf7 45. Ke5 bxc3 46. bxc3 Ke7 47. g6 Ne8 48. Nf4 Ng7 49. a4 Kd7 50. Kf6 Ne8+ 51. Kf7 Nd6+ 52. Kf8 Nf5 53. g7 Nh6 54. Ng6 Kd6 55. Ne5 1-0